000 00790cam a2200253 a 4500
001 000008015
005 20200929154408.0
008 940531s1993 sp 000 f spa d
020 _a8423973034
040 _aDO-SdBNP
_cGU
_dDLC
082 _a863.64
_bF386b
100 1 _aFerrero, Jesús,
_d1952-
_921910
245 1 0 _aBélver Yin /
_cJesús Ferrero ; prólogo de Rafael Conte.
260 _aMadrid :
_bEspasa Calpe,
_cc1993.
300 _a232, [5] p. ;
_c18 cm.
490 1 _aAustral.
_aLiteratura/contemporáneos
_v303
650 4 _aNovela española
_91123
650 4 _aLiteratura española
_9632
700 1 _aConte, Rafael,
_epról.
_92967
830 0 _aAustral.
_pLiteratura/contemporáneos;
_v303
_920217
910 _aCatalogación por copia / LC
910 _aWM
049 _aBNGR
999 _c7792
_d7792